Digitální marketing: nejen instáč, fejsíček, jůtůbko a ty ostatní
Pojem digitálny marketing. Digitálny marketing ako súbor nástrojov, ktoré sú využívané v prostredí digitálnych technológií, teda hlavne na internete a v komunikačných prostriedkoch. Fázy see, think, do, care pre získanie a udržanie zákazníka. Najčastejšie chyby v súčasnom marketingu.
Guardado en:
| Autor principal: | |
|---|---|
| Otros Autores: | |
| Formato: | Capítulo de libro |
| Lenguaje: | checo |
| Materias: | |
| Etiquetas: |
Sin Etiquetas, Sea el primero en etiquetar este registro!
|
MARC
| LEADER | 00000naa a2200000 4500 | ||
|---|---|---|---|
| 001 | 0236322 | ||
| 005 | 20220805074055.5 | ||
| 041 | 0 | |a cze | |
| 044 | |a CZ | ||
| 245 | 1 | 0 | |a Digitální marketing: nejen instáč, fejsíček, jůtůbko a ty ostatní |c Michaela Benešovská, Štěpán Feik |
| 520 | |a Pojem digitálny marketing. Digitálny marketing ako súbor nástrojov, ktoré sú využívané v prostredí digitálnych technológií, teda hlavne na internete a v komunikačných prostriedkoch. Fázy see, think, do, care pre získanie a udržanie zákazníka. Najčastejšie chyby v súčasnom marketingu. | ||
| 610 | 2 | 0 | |a marketing |
| 610 | 2 | 0 | |a digitalizácia |
| 610 | 2 | 0 | |a zákazníci |
| 100 | 1 | |a Benešovská, Michaela | |
| 700 | 1 | |a Feik, Štěpán | |